Isyarat-isyarat kejuruteraan awam = Signs for civil engineering terminology

Bibliographic Details
Format: Book
Published: Selangor : Persatuan Orang Pekak Malaysia , 2014
Series:Bahasa isyarat Malaysia
Subjects:

MARC

LEADER 00000cam a2200000 7i4500
001 0000047319
005 20150511.0
008 150511
020 |a 9789834043261 
090 0 0 |a 419.3   |b ISY 
245 1 0 |a Isyarat-isyarat kejuruteraan awam = Signs for civil engineering terminology 
260 |a Selangor :   |b Persatuan Orang Pekak Malaysia ,   |c 2014 
440 |a Bahasa isyarat Malaysia 
500 |a VCD includes 
650 0 |a Deaf means of communication 
650 0 |a Sign language 
999 |a 0001351828   |b Book   |c REFERENCE   |e Perbadanan Perpustakaan Awam Johor 
999 |a 0001351829   |b Book   |c REFERENCE   |e Cawangan Urban Transformation Centre 
999 |a 0001351848   |b Book   |c Adult Collection   |e Perbadanan Perpustakaan Awam Johor 
999 |a 0001351865   |b Book   |c Adult Collection   |e Cawangan Segamat 
999 |a 0001351866   |b Book   |c Adult Collection   |e Cawangan Tangkak 
999 |a 0001351867   |b Book   |c Adult Collection   |e Cawangan Bandar Penawar 
999 |a 0001351868   |b Book   |c Adult Collection   |e Cawangan Bukit Gambir 
999 |a 0001351869   |b Book   |c Adult Collection   |e Cawangan Kota Tinggi 
999 |a 0001351870   |b Book   |c Adult Collection   |e Cawangan Urban Transformation Centre 
999 |a 0001351871   |b Book   |c Adult Collection   |e Cawangan Taman Universiti 
999 |a 0001351872   |b Book   |c Adult Collection   |e Cawangan Sri Merlong 
999 |a 0001351873   |b Book   |c Adult Collection   |e Cawangan Tmn. Ungku Tun Aminah 
999 |a 0001351874   |b Book   |c Adult Collection   |e Cawangan Muar 
999 |a 0001351875   |b Book   |c Adult Collection   |e Perbadanan Perpustakaan Awam Johor 
999 |a 0001351876   |b Book   |c Adult Collection   |e Cawangan Batu Pahat 
999 |a 0001351878   |b Book   |c Adult Collection   |e Cawangan Mersing 
999 |a CD01351828   |b Video CD   |c REFERENCE   |e Perbadanan Perpustakaan Awam Johor 
999 |a CD01351829   |b Video CD   |c REFERENCE   |e Cawangan Urban Transformation Centre 
999 |a CD01351848   |b Video CD   |c REFERENCE   |e Cawangan AEON Kulaijaya 
999 |a CD01351873   |b Video CD   |c REFERENCE   |e Cawangan Tmn. Ungku Tun Aminah 
999 |a CD01351946   |b Video CD   |c REFERENCE   |e Cawangan Urban Transformation Centre 
999 |a CD01351947   |b Video CD   |c Adult Collection   |e Cawangan Taman Universiti